Renoir / (Record no. 57583)

MARC details
000 -LEADER
campo de control de longitud fija 00668nam a2200229 i 4500
001 - NÚMERO DE CONTROL
campo de control 57583
003 - IDENTIFICADOR DE NÚMERO DE CONTROL
campo de control ES-MaACL
005 - FECHA Y HORA DE LA ÚLTIMA TRANSACCIÓN
campo de control 20230906163615.0
007 - CAMPO FIJO DE DESCRIPCIÓN FÍSICA--INFORMACIÓN GENERAL
campo de control de longitud fija t|
008 - DATOS DE LONGITUD FIJA--INFORMACIÓN GENERAL
campo de control de longitud fija 031017s1949 fr af |||| |bfre d
080 ## - NÚMERO DE LA CLASIFICACIÓN DECIMAL UNIVERSAL
Número de la Clasificación Decimal Universal 75Renoir
100 1# - ENTRADA PRINCIPAL--NOMBRE DE PERSONA
Nombre de persona Drucker, Michel.
9 (RLIN) 45677
245 10 - MENCIÓN DEL TÍTULO
Título Renoir /
Mención de responsabilidad, etc. par Michel Drucker ; préface de Germain Bazin.
260 ## - PUBLICACIÓN, DISTRIBUCIÓN, ETC.
Lugar de publicación, distribución, etc. [Paris :
Nombre del editor, distribuidor, etc. Pierre Tisné,
Fecha de publicación, distribución, etc. 1949] (
Fabricante Claude Rémusat)
300 ## - DESCRIPCIÓN FÍSICA
Extensión 236 p., 174 lám. :
Otras características físicas il. ;
Dimensiones 26 cm.
490 1# - MENCIÓN DE SERIE
Mención de serie Prométhée
600 14 - PUNTO DE ACCESO ADICIONAL DE MATERIA--NOMBRE DE PERSONA
Nombre de persona Renoir, Pierre-Auguste.
9 (RLIN) 145174
700 1# - ENTRADA AGREGADA--NOMBRE PERSONAL
Nombre de persona Bazin, Germain.
9 (RLIN) 26749
830 0# - PUNTO DE ACCESO ADICIONAL DE SERIE-TÍTULO UNIFORME
Título uniforme Prométhée
9 (RLIN) 182618
852 ## - LOCALIZACIÓN
Ubicación ES-MaACL
Número de control de estantería A-168
Holdings
Estatus retirado Estado de pérdida Estado de daño No para préstamo Biblioteca de origen Biblioteca actual Ubicación en estantería Fecha de adquisición Fuente de adquisición Total de préstamos Signatura topográfica completa Código de barras Visto por última vez Precio de reemplazo Tipo de ítem Koha
        Biblioteca del Ateneo de Madrid Biblioteca del Ateneo de Madrid Sala Pecera Planta 1 17/01/2008     A-168 1060450 23/02/2023 23/02/2023 Libro impreso